Finančná analýza spoločnosti Asseco Slovakia, a.s. s dôrazom na zlepšenie trhovej pozície spoločnosti diplomová práca

Saved in:
Bibliographic Details
Main Author: Juráš, Jozef
Corporate Author: Fakulta podnikového manažmentu EU. Katedra podnikových financií
Other Authors: Zalai, Karol
Format: Book
Language:Slovak
Published: Bratislava 2009
Tags: Add Tag
No Tags, Be the first to tag this record!

MARC

LEADER 00000nam$a2200000$$$4500
001 0101416
005 20240319124512.6
041 0 |a slo 
044 |a SK 
245 1 0 |a Finančná analýza spoločnosti Asseco Slovakia, a.s. s dôrazom na zlepšenie trhovej pozície spoločnosti  |b diplomová práca  |c Jozef Juráš ; škol. Karol Zalai 
264 1 |a Bratislava  |c 2009 
300 |a 76 s. 
100 1 |a Juráš, Jozef 
700 1 |a Zalai, Karol 
710 2 |a Fakulta podnikového manažmentu EU. Katedra podnikových financií